000 00772nam a2200253 a 4500
001 BRCA_7973
005 20190320210058.0
008 110314s1968----nyu####f##---#000-0#eng-#
041 _aeng
044 _anyu
050 4 _aNB623
_b.H36
_c1968
100 1 _aHartt, Frederick
_919767
245 1 0 _aMichelangelo
_bthe complete sculpture
_cFrederick Hartt.
260 _aNew York
_bAbrams
_c[1968]
300 _a310 p.
_bil. (alguas a color), 332 láminas
_c32 cm.
500 _a3146
500 _aIncluye índice de ilustraciones
504 _aBibliografía p. 309-310
600 1 4 _aBuonarroti, Michel Angelo
_d1475-1564
_97833
650 1 4 _aEscultores italianos
_vRenacimiento
_919768
650 1 4 _aEscultura
_vArtistas
_zItalia
_919769
902 _aGFM
942 _2lcc
_cB
999 _c7642
_d7642